000 00546cam a22001577a 4500
008 180718b2005 xxu||||| |||| 00| 0 eng d
020 _a9780275984908
082 _aP5x73 P131
100 _aPadilla, Arthur
245 _aPortraits in leadership : six extraordinary University Presidents
_cby Arthur Padilla
260 _aUSA
_bPraeger
_c2005
300 _a275p.
650 _aLeadership
650 _aUniversities and colleges -- United States -- Administration
650 _aUniversities and colleges -- United States -- Presidents -- Biography
999 _c444755
_d444755